000 00296 a2200121 4500
001 146955
040 _cEscola São Tomás de Aquino
100 _aMACHADO, Ana Maria
240 1 0 _aO elefantinho malcriado
_lpor
245 1 0 _aO elefantinho malcriado
697 _a*LITERATURA INFANTO
942 _cBK
999 _c146955
_d146955